000 00684nam a2200289Ia 4500
005 20260324141659.0
008 008 260324s9999 xx 000 0 eng d
020 _a9781315806273
037 _aEBOOK
040 _aCRL
040 _beng
040 _cCRL
041 _2eng
041 _aeng
084 _qCRL
100 _aAlan B. Clardy
_91209096
245 0 _aManaging Human Resources
245 0 _bExercises, Experiments, and Applications
260 _bTaylor and Francis
260 _c1996
365 _a
365 _b230
856 _uhttp://www.taylorfrancis.com/books/9781315806273
942 _cEBOOK
999 _c1812453
_d1812453